000 01040nam a2200265 a 4500
001 000017971
005 20241015091655.0
008 100408s2010 dr 001 0 spa d
020 _a9789945871524
040 _aDO-SdBNP
_bspa
_cBNPHU
082 _a347.05
_bG993p
100 1 _aGuzmán A., Fabio J.
_q(Fabio José Guzmán Ariza),
_d1949-
_930896
245 1 3 _aEl procedimiento en defecto en materia civil y comercial :
_bdespúes de las reformas de la ley 845 de 1978 /
_cFabio J. Guzmán Ariza.
250 _a2a. ed.
260 _aSanto Domingo :
_bGaceta Judicial,
_c2010.
_fCorripio
300 _a209 p. ;
_c23 cm.
490 1 _aMonografía
500 _aIncluye referencias biobliográficas y notas al pie de las páginas
504 _aIncluye bibliografía (p. 202 - 209)
500 _aIncluye datos biográficos del autor en la solapa
650 4 _aDerecho procesal
_zRepública Dominicana
_913091
650 4 _aProcedimiento civil
_zRepública Dominicana
_916575
830 0 _aMonografía
_94914
999 _a1
_n0000230
_c17495
_d17495
049 _aBNPD